UEFA EURO 2024 Goalkeepers - Statistics

General Stats
  • This quiz has been taken 390 times
    204 since last reset
  • The average score is 16 of 24
Answer Stats
National Team Goalkeepers % Correct
Italy Gianluigi Donnarumma / Alex Meret / Guglielmo Vicario
96%
Germany Manuel Neuer / Marc-Andre Ter Stegen / Oliver Baumann
96%
England Jordan Pickford / Aaron Ramsdale / Dean Henderson
95%
France Mike Maignan / Alphonse Areola / Brice Samba
92%
Portugal Rui Patricio / Diogo Costa / Jose Sa
92%
Denmark Kasper Schmeichel / Frederik Rønnow / Mads Hermansen
86%
Switzerland Yann Sommer / Gregor Kobel / Yvon Mvogo
86%
Spain Unai Simón / David Raya / Álex Remiro
85%
Slovenia Jan Oblak / Vid Belec / Igor Vekić
82%
Croatia Dominik Livaković / Ivica Ivušić / Nediljko Labrović
79%
Ukraine Andriy Lunin / Heorhiy Bushchan / Anatoniy Trubin
75%
Belgium Koen Casteels / Thomas Kaminski / Matz Sels
71%
Hungary Dénes Dibusz / Péter Gulácsi / Péter Szappanos
68%
Netherlands Justin Bijlow / Mark Flekken / Bart Verbruggen
68%
Poland Wojciech Szczęsny / Łukasz Skorupski / Marcin Bułka
67%
Georgia Giorgi Loria / Giorgi Mamardashvili / Luka Gugeshashvili
66%
Serbia Vanja Milinković-Savić / Predrag Rajković / Đorđe Petrović
65%
Albania Etrit Berisha / Thomas Strakosha / Alhan Kastrati
60%
Slovakia Martin Dubravka / Marek Rodák / Henrich Ravas
51%
Türkiye Mert Günok / Uğurcan Çakır / Altay Bayındır
44%
Scotland Craig Gordon / Angus Gunn / Zander Clark
39%
Austria Heinz Lindner / Patrick Pentz / Niklas Hedl
28%
Czech Republic Jindřich Staněk / Matěj Kovář / Vitezslav Jaros
26%
Romania Florin Niță / Horațiu Moldovan / Ștefan Târnovanu
22%
No matching quizzes found
Score Distribution
Percent of People with Each Score
Percentile by Number Answered
Your Score History
You have not taken this quiz since the last reset